000 00511nam a2200181Ia 4500
008 151213s9999 xx 000 0 und d
020 _a0-324-067-97-6
082 _a658.84
_b658.84
100 _aCar.Mc Daniel, Jr/Rqger Gates
245 _aMarketing Research the impact of the INTERNET
_cCar.Mc Daniel, Jr/Rqger Gates
250 _a5th
260 _aUSA
_bSouth-Western
_c2002
300 _a9931 p.
650 _aMarketing
650 _aMarketing
700 _aCar.Mc Daniel, Jr/Rqger Gates
999 _c4811
_d4811